EVALUATION OF LIVELIHOOD TECHNICAL PACKAGES FOR SUSTAINABLE LIVELIHOOD ACTIVITIES (Record no. 22147)
[ view plain ]
| 000 -LEADER | |
|---|---|
| fixed length control field | 00361nam a22001337a 4500 |
| 003 - CONTROL NUMBER IDENTIFIER | |
| control field | LRUA |
| 005 - DATE AND TIME OF LATEST TRANSACTION | |
| control field | 20231107211827.0 |
| 008 - FIXED-LENGTH DATA ELEMENTS--GENERAL INFORMATION | |
| fixed length control field | 231107b xxu||||| |||| 00| 0 eng d |
| 040 ## - CATALOGING SOURCE | |
| Transcribing agency | DLC |
| 082 ## - DEWEY DECIMAL CLASSIFICATION NUMBER | |
| Edition number | FAO EVA 1993 C011 Or. |
| 245 ## - TITLE STATEMENT | |
| Title | EVALUATION OF LIVELIHOOD TECHNICAL PACKAGES FOR SUSTAINABLE LIVELIHOOD ACTIVITIES |
| 300 ## - PHYSICAL DESCRIPTION | |
| Extent | IV.106P |
| 942 ## - ADDED ENTRY ELEMENTS (KOHA) | |
| Source of classification or shelving scheme | |
| Koha item type | ADB |
| Price effective from | Date last seen | Permanent Location | Not for loan | Date acquired | Source of classification or shelving scheme | Koha item type | Barcode | Lost status | Damaged status | Shelving location | Withdrawn status | Current Location | Full call number |
|---|---|---|---|---|---|---|---|---|---|---|---|---|---|
| 2023-11-07 | 2023-11-07 | Library Block C | 2023-11-07 | ADB | a073649 | C011 | Library Block C | FAO EVA 1993 C011 Or. |